|
|
|
|
| LEADER |
00948nam a2200241 a 4500 |
| 001 |
c000312854 |
| 003 |
CARM |
| 005 |
00000000000000.0 |
| 008 |
s1957 enka 00010 eng d |
| 019 |
1 |
|
|a 2936851
|5 LACONCORD2021
|
| 035 |
|
|
|a (OCoLC)13128180
|5 LACONCORD2021
|
| 082 |
1 |
|
|a 522.2
|2 19
|
| 100 |
1 |
0 |
|a Wilkins, Hugh Percival,
|d 1896-1960.
|
| 245 |
1 |
0 |
|a Making and using a telescope :
|b the home assembly and applications of astronomical equipment /
|c by H. Percy Wilkins and Patrick Moore.
|
| 250 |
|
|
|a 2nd ed.
|
| 260 |
|
|
|a London :
|b Eyre & Spottiswoode,
|c 1957.
|
| 300 |
|
|
|a 160 p. :
|b ill. ;
|c 19 cm.
|
| 504 |
|
|
|a Bibliography: p. 146-149.
|
| 650 |
|
0 |
|a Telescopes.
|
| 700 |
1 |
0 |
|a Moore, Patrick,
|d 1923-
|
| 852 |
8 |
|
|b CARM
|h A3:AB18G0
|i A05456
|p 0471900
|f BK
|
| 999 |
f |
f |
|i 899ecb07-32b3-5d7b-a09b-eb2656cf984f
|s 8b9da490-b628-5a16-be95-e290701d7bda
|
| 952 |
f |
f |
|p Can circulate
|a CAVAL
|b CAVAL
|c CAVAL
|d CARM 1 Store
|e A05456
|f A3:AB18G0
|h Other scheme
|i book
|m 0471900
|